000 01192cam a2200301 i 4500
005 20160218162518.0
008 960707s1995 ck ab r 00010 spa d
015 _ack-1995-xxxx
020 _a9589550460
040 _ala
_cla
_dCO-BoIAVH
041 0 _aspa
043 _as-ck----
044 _ack
082 0 4 _a577.54
_bD45d
245 0 0 _aDesiertos :
_bzonas áridas y semiáridas de Colombia /
_cVicente Rueda Almonacid y (otros autores más) ; fotografías ; Diego Samper Martínez . y (otros fotógrafos mmás) ; ilustraciones César Landazabal, Margarita Nieto, Marcela Otero.
260 _aCali :
_bBanco de Occidente,
_c1995.
300 _a207 páginas :
_bilustraciones, fotografías y mapas ;
_c35 cm.
504 _aIncluye referencias bibliográficas y Glosario.
650 1 4 _aDesiertos
_z Colombia.
650 2 4 _aRegiones áridas
_z Colombia.
700 1 _aRueda Almonacid, Vicente
700 1 _aSamper Martínez, Diego,
_d1954-
700 1 _aLandazabal M., César,
_eilustrador.
700 1 _aNieto, Margarita,
_eilustrador.
700 1 _aOtero, Marcela,
_eilustrador.
942 _2ddc
_cLIBRO
949 _ac
_bc
999 _c68
_d68